Salt Lake City - Choix multiples - Statistiques

Statistiques générales
  • Ce quiz a été pris 1 858 fois
    1 828 depuis la dernière actualisation
  • Le résultat moyen est 7 sur 10
Statistiques - réponses
Question Réponse % Correct
Quelle congrégation religieuse a fondé Salt Lake City en 1847 ? Les Mormons
91%
Dans quel État américain Salt Lake City se trouve-t-elle ? Utah
88%
Quel célèbre écrivain, père de Sherlock Holmes, évoque la création de Salt Lake City dans son premier roman ? Arthur Conan Doyle
76%
La découverte de quelle ressource dans les environs participa à la venue de nombreux habitants ? Or
72%
Laquelle de ces personnalités est Post Malone, chanteur et rappeur qui a fait de Salt Lake City sa ville ?
68%
Quel basketteur français a joué de 2013 à 2022 pour le Jazz, l’équipe de basket de la ville ? Rudy Gobert
67%
En quelle année Salt Lake City a-t-elle accueilli les Jeux olympiques d'hiver pour la première fois ? 2002
58%
Quel est le surnom de Salt Lake City ? La ville des saints
56%
Quel film paru en 2006 a été tourné dans un lycée de Salt Lake City ? High School Musical
54%
Que ne trouve-t-on pas dans le Lac Salé qui donne son nom à la ville ? Des poissons
52%
Aucun quiz correspondant
Distribution des résultats
% des personnes avec chaque résultat
Percentile par nombre de réponses
Votre historique - résultats
Vous n’avez pas pris ce quiz depuis la dernière actualisation